[Event "18.Città di Padova Open A"]
[Site "Padova"]
[Date "2015.12.18"]
[Round "7.2"]
[White "David, Alberto"]
[Black "Maiorov, Nikita"]
[Result "1/2-1/2"]
[WhiteElo "2585"]
[BlackElo "2566"]
[Annotator "Gabriele Ballarin"]
[PlyCount "43"]
[EventDate "2015.12.13"]
[EventType "swiss"]
[EventRounds "9"]
[EventCountry "ITA"]
[SourceTitle "The Week in Chess 1102"]
[Source "Mark Crowther"]
[SourceDate "2015.12.21"]
[SourceVersion "1"]
[SourceVersionDate "2015.12.21"]
[SourceQuality "2"]

1. e4 e5 2. Nf3 Nc6 3. Bb5 a6 4. Ba4 Nf6 5. O-O Be7 6. Re1 b5 7. Bb3 d6 8. c3 O-O 9. h3 Nb8 10. d4 Nbd7 11. Nbd2 Bb7 12. Bc2 Re8 13. Nf1 Bf8 14. Ng3 g6 15. Bg5 h6 16. Bd2 Nb6 17. b3 Bg7 18. Rb1 Re7 19. a4 Qe8 20. d5 bxa4 21. bxa4 Qc8 22. Qc1 1/2-1/2

[Event "18.Città di Padova Open A"]
[Site "Padova"]
[Date "2015.12.18"]
[Round "7.3"]
[White "Enchev, Ivajlo"]
[Black "Kovacevic, Blazimir"]
[Result "1-0"]
[WhiteElo "2452"]
[BlackElo "2480"]
[Annotator "Gabriele Ballarin"]
[PlyCount "65"]
[EventDate "2015.12.13"]
[EventType "swiss"]
[EventRounds "9"]
[EventCountry "ITA"]
[SourceTitle "The Week in Chess 1102"]
[Source "Mark Crowther"]
[SourceDate "2015.12.21"]
[SourceVersion "1"]
[SourceVersionDate "2015.12.21"]
[SourceQuality "2"]

1. d4 e6 2. c4 f5 3. Nf3 Nf6 4. g3 d5 5. Bg2 c6 6. O-O Bd6 7. b3 Qe7 8. a4 a5 9. Ba3 Bxa3 10. Rxa3 Ne4 11. Ra2 O-O 12. Ne5 Nd7 13. Nxd7 Bxd7 14. f3 Nf6 15. Nc3 Rad8 16. e3 dxc4 17. bxc4 e5 18. d5 Qc5 19. Qe2 cxd5 20. Nxd5 Be6 21. Rb2 Nxd5 22. cxd5 Bxd5 23. Rb5 Qc3 24. Qe1 Qa3 25. Rxa5 Bc4 26. Qc1 Qb3 27. Re1 Rf6 28. Rxe5 Qxa4 29. Qb1 b5 30. Bf1 g6 31. Qb2 Rfd6 32. Bxc4+ Qxc4 33. Re7 1-0

[Event "18.Città di Padova Open A"]
[Site "Padova"]
[Date "2015.12.18"]
[Round "7.4"]
[White "Danin, Alexandre"]
[Black "Strikovic, Aleksandr"]
[Result "1/2-1/2"]
[WhiteElo "2569"]
[BlackElo "2505"]
[Annotator "Gabriele Ballarin"]
[PlyCount "32"]
[EventDate "2015.12.13"]
[EventType "swiss"]
[EventRounds "9"]
[EventCountry "ITA"]
[SourceTitle "The Week in Chess 1102"]
[Source "Mark Crowther"]
[SourceDate "2015.12.21"]
[SourceVersion "1"]
[SourceVersionDate "2015.12.21"]
[SourceQuality "2"]

1. e4 d6 2. d4 Nf6 3. Nc3 g6 4. g3 Bg7 5. Bg2 O-O 6. Nge2 e5 7. h3 c6 8. a4 a5 9. Be3 Na6 10. O-O Nb4 11. Na2 Nxa2 12. Rxa2 d5 13. Bg5 Qb6 14. Bxf6 Bxf6 15. dxe5 Bxe5 16. exd5 cxd5 1/2-1/2

[Event "18.Città di Padova Open A"]
[Site "Padova"]
[Date "2015.12.18"]
[Round "7.5"]
[White "Georgiev, Kiril"]
[Black "Lazic, Miroljub"]
[Result "1-0"]
[WhiteElo "2627"]
[BlackElo "2466"]
[Annotator "Gabriele Ballarin"]
[PlyCount "37"]
[EventDate "2015.12.13"]
[EventType "swiss"]
[EventRounds "9"]
[EventCountry "ITA"]
[SourceTitle "The Week in Chess 1102"]
[Source "Mark Crowther"]
[SourceDate "2015.12.21"]
[SourceVersion "1"]
[SourceVersionDate "2015.12.21"]
[SourceQuality "2"]

1. d4 d5 2. Nf3 Nf6 3. Bf4 e6 4. e3 Bd6 5. Bg3 Bxg3 6. hxg3 Nbd7 7. c4 dxc4 8. Bxc4 c5 9. Nc3 a6 10. a4 cxd4 11. Qxd4 Qa5 12. g4 e5 13. Qd6 Qb6 14. Qa3 e4 15. Nd2 Qa5 16. g5 Qxg5 17. Ndxe4 Nxe4 18. Nxe4 Qa5+ 19. Kf1 1-0

[Event "18.Città di Padova Open A"]
[Site "Padova"]
[Date "2015.12.18"]
[Round "7.6"]
[White "Nikolov, Momchil"]
[Black "Brunello, Marina"]
[Result "1/2-1/2"]
[WhiteElo "2548"]
[BlackElo "2342"]
[Annotator "Gabriele Ballarin"]
[PlyCount "126"]
[EventDate "2015.12.13"]
[EventType "swiss"]
[EventRounds "9"]
[EventCountry "ITA"]
[SourceTitle "The Week in Chess 1102"]
[Source "Mark Crowther"]
[SourceDate "2015.12.21"]
[SourceVersion "1"]
[SourceVersionDate "2015.12.21"]
[SourceQuality "2"]

1. d4 d5 2. Nf3 Nf6 3. c4 c6 4. Nc3 e6 5. e3 Nbd7 6. Qc2 Bd6 7. Bd3 O-O 8. O-O h6 9. b3 b6 10. Bb2 Bb7 11. Rad1 Qe7 12. e4 dxe4 13. Nxe4 Nxe4 14. Bxe4 Nf6 15. Bd3 c5 16. d5 exd5 17. Rfe1 Qd8 18. cxd5 Re8 19. Rxe8+ Nxe8 20. Ne5 Qc7 21. Nf3 Rd8 22. Bc4 Bc8 23. Re1 Bf8 24. Ne5 Nd6 25. Nc6 Re8 26. Rxe8 Nxe8 27. Be2 Nd6 28. Be5 Qd7 29. h3 a5 30. Bg4 Qe8 31. Bxc8 Qxc8 32. Bxd6 Bxd6 33. Qe4 Qd7 34. a4 g6 35. Kf1 Kg7 36. Ke2 Qc8 37. Na7 Qd7 38. Nb5 Be7 39. Kf3 h5 40. d6 Bd8 41. Qd5 Kf6 42. g4 Kg7 43. Na3 hxg4+ 44. hxg4 f5 45. g5 Bxg5 46. Nc4 Qf7 47. Nxb6 Qxd5+ 48. Nxd5 Kf7 49. Nc7 Bd2 50. Ke2 Bf4 51. Kd3 Bxd6 52. Nd5 g5 53. Kc4 Ke6 54. Ne3 Bf4 55. Nd5 Bd2 56. Kxc5 g4 57. Kd4 f4 58. Ke4 g3 59. fxg3 fxg3 60. Ne3 Kd7 61. Kf3 Kc6 62. Nc4 Be1 63. Nxa5+ Bxa5 1/2-1/2

[Event "18.Città di Padova Open A"]
[Site "Padova"]
[Date "2015.12.18"]
[Round "7.7"]
[White "Swayams, Mishra"]
[Black "Godena, Michele"]
[Result "1/2-1/2"]
[WhiteElo "2477"]
[BlackElo "2499"]
[Annotator "Gabriele Ballarin"]
[PlyCount "87"]
[EventDate "2015.12.13"]
[EventType "swiss"]
[EventRounds "9"]
[EventCountry "ITA"]
[SourceTitle "The Week in Chess 1102"]
[Source "Mark Crowther"]
[SourceDate "2015.12.21"]
[SourceVersion "1"]
[SourceVersionDate "2015.12.21"]
[SourceQuality "2"]

1. d4 d5 2. c4 c6 3. Nf3 Nf6 4. e3 a6 5. Nbd2 Bf5 6. Nh4 Be4 7. Nxe4 Nxe4 8. Nf3 e6 9. Bd3 Bb4+ 10. Ke2 Nf6 11. Qb3 Qe7 12. Rd1 O-O 13. Kf1 b5 14. cxd5 cxd5 15. a4 bxa4 16. Qxa4 Nbd7 17. Kg1 Rfb8 18. Bd2 Bxd2 19. Rxd2 a5 20. Rc2 Qb4 21. Nd2 Qxa4 22. Rxa4 Ne8 23. Kf1 Nd6 24. b3 Nb6 25. Ra3 Rc8 26. Rc5 a4 27. b4 Kf8 28. Ke2 Ke7 29. f3 f5 30. Ra2 Ra7 31. Nb1 Rb8 32. Ra5 Rab7 33. Ba6 Rc7 34. Nd2 g5 35. Bd3 h5 36. Rc5 Rcb7 37. e4 fxe4 38. fxe4 dxe4 39. Bxe4 Nxe4 40. Nxe4 Nd5 41. Rxa4 Rxb4 42. Rxb4 Rxb4 43. Nxg5 Rxd4 44. g3 1/2-1/2

[Event "18.Città di Padova Open A"]
[Site "Padova"]
[Date "2015.12.18"]
[Round "7.8"]
[White "Zaja, Ivan"]
[Black "Sonis, Francesco"]
[Result "1/2-1/2"]
[WhiteElo "2481"]
[BlackElo "2317"]
[Annotator "Gabriele Ballarin"]
[PlyCount "101"]
[EventDate "2015.12.13"]
[EventType "swiss"]
[EventRounds "9"]
[EventCountry "ITA"]
[SourceTitle "The Week in Chess 1102"]
[Source "Mark Crowther"]
[SourceDate "2015.12.21"]
[SourceVersion "1"]
[SourceVersionDate "2015.12.21"]
[SourceQuality "2"]

1. d4 Nf6 2. c4 e6 3. Nf3 c5 4. d5 exd5 5. cxd5 d6 6. Nc3 g6 7. Bf4 a6 8. a4 Bg7 9. h3 O-O 10. e3 Re8 11. Bd3 Nh5 12. Bh2 f5 13. O-O Nd7 14. Be2 Nhf6 15. Nd2 Ne5 16. Qb3 Nfd7 17. f4 Nf7 18. Nc4 Rb8 19. Bg3 b6 20. Bf3 Qc7 21. Rfe1 Nf6 22. Nd2 b5 23. axb5 axb5 24. Bf2 Bd7 25. Be2 b4 26. Nd1 Ra8 27. Rxa8 Rxa8 28. Bc4 Ra1 29. Qd3 Qb8 30. Bh4 Qa8 31. Nb3 Ra7 32. Nf2 Ra2 33. Re2 Ba4 34. Kh2 Bd7 35. Qb1 Ra7 36. Qd3 Ra2 37. Qb1 Ra7 38. Qd1 Ra2 39. Nc1 Ra1 40. Qd2 Rb1 41. Bxf6 Bxf6 42. Ncd3 Qa1 43. Qc2 h5 44. Rd2 Ba4 45. b3 Bd7 46. Rd1 Rxd1 47. Qxd1 Qxd1 48. Nxd1 Nd8 49. Kg3 Nb7 50. Kf3 Na5 51. N1b2 1/2-1/2

[Event "18.Città di Padova Open A"]
[Site "Padova"]
[Date "2015.12.18"]
[Round "7.9"]
[White "Lodici, Lorenzo"]
[Black "Vovk, Yuri"]
[Result "0-1"]
[WhiteElo "2347"]
[BlackElo "2626"]
[Annotator "Gabriele Ballarin"]
[PlyCount "70"]
[EventDate "2015.12.13"]
[EventType "swiss"]
[EventRounds "9"]
[EventCountry "ITA"]
[SourceTitle "The Week in Chess 1102"]
[Source "Mark Crowther"]
[SourceDate "2015.12.21"]
[SourceVersion "1"]
[SourceVersionDate "2015.12.21"]
[SourceQuality "2"]

1. d4 Nf6 2. c4 g6 3. f3 c5 4. d5 Bg7 5. e4 d6 6. Ne2 e6 7. Nec3 exd5 8. cxd5 Nh5 9. Be3 f5 10. exf5 gxf5 11. Bb5+ Nd7 12. g4 fxg4 13. fxg4 Qh4+ 14. Kd2 Nhf6 15. Qe1 Qxe1+ 16. Rxe1 O-O 17. h3 a6 18. Be2 b5 19. Kc2 Bb7 20. Bf4 Nxd5 21. Bxd6 Ne3+ 22. Kc1 Rfe8 23. Nxb5 axb5 24. Bxb5 Ng2 25. Rxe8+ Rxe8 26. Bxd7 Re2 27. Nc3 Bh6+ 28. Kb1 Re1+ 29. Kc2 Ne3+ 30. Kd3 c4+ 31. Kd4 Bg7+ 32. Kc5 Rxa1 33. Kb6 Bg2 34. a4 Nd5+ 35. Nxd5 Bxd5 0-1

[Event "18.Città di Padova Open A"]
[Site "Padova"]
[Date "2015.12.18"]
[Round "7.10"]
[White "Lanzani, Mario"]
[Black "Laketic, Gojko"]
[Result "1-0"]
[WhiteElo "2308"]
[BlackElo "2419"]
[Annotator "Gabriele Ballarin"]
[PlyCount "59"]
[EventDate "2015.12.13"]
[EventType "swiss"]
[EventRounds "9"]
[EventCountry "ITA"]
[SourceTitle "The Week in Chess 1102"]
[Source "Mark Crowther"]
[SourceDate "2015.12.21"]
[SourceVersion "1"]
[SourceVersionDate "2015.12.21"]
[SourceQuality "2"]

1. c4 c6 2. e4 d5 3. exd5 cxd5 4. cxd5 Nf6 5. Nc3 Nxd5 6. Nf3 Nc6 7. Bb5 e6 8. O-O Be7 9. d4 O-O 10. Re1 Nxc3 11. bxc3 Qa5 12. Qb3 Rd8 13. Bd3 b6 14. Be4 Bb7 15. Bf4 Rac8 16. Rad1 Qa3 17. Qb1 Qxc3 18. d5 exd5 19. Bxh7+ Kf8 20. Bf5 Ra8 21. Bc7 Nd4 22. Bxd8 Nxf3+ 23. gxf3 Rxd8 24. Rc1 Qd2 25. Rxe7 Qg5+ 26. Bg4 Qxe7 27. Qh7 Qe5 28. f4 Qe4 29. Qh8+ Ke7 30. Rc7+ 1-0

[Event "18.Città di Padova Open A"]
[Site "Padova"]
[Date "2015.12.18"]
[Round "7.11"]
[White "Rossi, Carlo"]
[Black "Manca, Federico"]
[Result "1/2-1/2"]
[WhiteElo "2284"]
[BlackElo "2409"]
[Annotator "Gabriele Ballarin"]
[PlyCount "36"]
[EventDate "2015.12.13"]
[EventType "swiss"]
[EventRounds "9"]
[EventCountry "ITA"]
[SourceTitle "The Week in Chess 1102"]
[Source "Mark Crowther"]
[SourceDate "2015.12.21"]
[SourceVersion "1"]
[SourceVersionDate "2015.12.21"]
[SourceQuality "2"]

1. e4 e5 2. Nf3 Nc6 3. Bb5 a6 4. Ba4 Nf6 5. O-O Be7 6. Re1 b5 7. Bb3 d6 8. c3 O-O 9. h3 Na5 10. Bc2 c5 11. d4 Qc7 12. d5 Bd7 13. Nbd2 c4 14. Nf1 Nb7 15. Ng3 Nc5 16. Nh2 a5 17. f4 exf4 18. Bxf4 Qb6 1/2-1/2

[Event "18.Città di Padova Open A"]
[Site "Padova"]
[Date "2015.12.18"]
[Round "7.12"]
[White "Santagati, Alessandro"]
[Black "Codenotti, Marco"]
[Result "0-1"]
[WhiteElo "2262"]
[BlackElo "2405"]
[Annotator "Gabriele Ballarin"]
[PlyCount "46"]
[EventDate "2015.12.13"]
[EventType "swiss"]
[EventRounds "9"]
[EventCountry "ITA"]
[SourceTitle "The Week in Chess 1102"]
[Source "Mark Crowther"]
[SourceDate "2015.12.21"]
[SourceVersion "1"]
[SourceVersionDate "2015.12.21"]
[SourceQuality "2"]

1. d4 Nf6 2. Nc3 d5 3. Bf4 c5 4. e3 e6 5. Qf3 Be7 6. O-O-O O-O 7. g4 Qa5 8. g5 Ne4 9. Nxe4 dxe4 10. Qxe4 Qxa2 11. Bd3 g6 12. c3 Bd7 13. Bb1 Qa1 14. Nf3 e5 15. Nd2 cxd4 16. Bxe5 Bf5 17. Qxb7 dxe3 18. Qxe7 exd2+ 19. Kxd2 Qxb2+ 20. Ke3 Nc6 21. Qc5 Nxe5 22. Bxf5 gxf5 23. Rb1 Qc2 0-1

[Event "18.Città di Padova Open A"]
[Site "Padova"]
[Date "2015.12.18"]
[Round "7.13"]
[White "Cocchi, Andrea"]
[Black "Solomon, Kenny"]
[Result "0-1"]
[WhiteElo "2251"]
[BlackElo "2215"]
[Annotator "Gabriele Ballarin"]
[PlyCount "66"]
[EventDate "2015.12.13"]
[EventType "swiss"]
[EventRounds "9"]
[EventCountry "ITA"]

1. Nf3 Nf6 2. c4 c5 3. g3 b6 4. Bg2 Bb7 5. O-O e6 6. Nc3 a6 7. d4 cxd4 8. Qxd4 Nc6 9. Qf4 Ne7 10. Rd1 Ng6 11. Qd4 Bc5 12. Qd3 Ng4 13. e3 N4e5 14. Qe2 Qc7 15. b3 O-O 16. Bb2 Nxf3+ 17. Bxf3 Bxf3 18. Qxf3 f5 19. Na4 Be7 20. Rac1 Rab8 21. Rd2 Rf7 22. Qd1 Bf8 23. f4 Qb7 24. Bd4 Qc6 25. Kf2 Bb4 26. Rd3 h6 27. Nc3 d6 28. Qh5 Kh7 29. Nb1 e5 30. Bb2 Qe4 31. Rd5 exf4 32. gxf4 Bc5 33. Qf3 Nxf4 0-1

[Event "18.Città di Padova Open A"]
[Site "Padova"]
[Date "2015.12.18"]
[Round "7.14"]
[White "Mrdja, Milan"]
[Black "De Santis, Alessio"]
[Result "1-0"]
[WhiteElo "2365"]
[BlackElo "2330"]
[Annotator "Gabriele Ballarin"]
[PlyCount "79"]
[EventDate "2015.12.13"]
[EventType "swiss"]
[EventRounds "9"]
[EventCountry "ITA"]

1. e4 b6 2. d4 Bb7 3. Nd2 e6 4. Ngf3 d6 5. Bd3 Nd7 6. Qe2 Ne7 7. Ba6 Bxa6 8. Qxa6 Qc8 9. Qe2 Qb7 10. c4 c5 11. d5 e5 12. O-O g6 13. Ne1 Bg7 14. Nd3 a6 15. Rb1 O-O 16. b4 Qc7 17. a3 Rfc8 18. Bb2 Rab8 19. g3 b5 20. Rfc1 Bh6 21. f4 exf4 22. gxf4 cxb4 23. axb4 Qa7+ 24. Kh1 Bg7 25. Bxg7 Kxg7 26. c5 dxc5 27. bxc5 a5 28. Nf3 b4 29. c6 Nf6 30. Nde5 Nexd5 31. exd5 Nxd5 32. Nd7 Re8 33. Qb2+ f6 34. Nxb8 Qe3 35. Rf1 Rxb8 36. Rbe1 Qc3 37. Qxc3 Nxc3 38. Re7+ Kh6 39. Nd4 a4 40. Rb7 1-0

[Event "18.Città di Padova Open A"]
[Site "Padova"]
[Date "2015.12.18"]
[Round "7.15"]
[White "Zelcic, Robert"]
[Black "Dragojlovic, Andjelko"]
[Result "1-0"]
[WhiteElo "2520"]
[BlackElo "2309"]
[Annotator "Gabriele Ballarin"]
[PlyCount "113"]
[EventDate "2015.12.13"]
[EventType "swiss"]
[EventRounds "9"]
[EventCountry "ITA"]

1. e4 c5 2. Nf3 Nc6 3. Bb5 Qb6 4. Nc3 e6 5. O-O Nge7 6. Re1 a6 7. Bf1 Ng6 8. b3 Be7 9. Bb2 Qc7 10. Ne2 O-O 11. d4 cxd4 12. Nexd4 d6 13. c4 b6 14. Nxc6 Qxc6 15. g3 Bb7 16. Bg2 e5 17. Qd3 Rfd8 18. Nd2 Nf8 19. Nf1 Nd7 20. Ne3 Nf6 21. Qe2 Bf8 22. a4 Qe8 23. a5 b5 24. cxb5 axb5 25. Nd5 Bxd5 26. exd5 b4 27. Bc1 Nd7 28. Be3 Nc5 29. Bxc5 dxc5 30. Qxe5 Qd7 31. Qf4 Bd6 32. Qf3 c4 33. bxc4 Qc7 34. a6 Qxc4 35. Bf1 Qd4 36. Bb5 Qb6 37. Qd3 g6 38. Bc6 Ra7 39. Bb7 Bc5 40. Re2 Rxb7 41. axb7 Qxb7 42. Rd1 Bf8 43. Qc4 h5 44. Rc2 Bd6 45. Re1 Qb8 46. Rce2 Bf8 47. Qc6 b3 48. Rb1 h4 49. Qc4 h3 50. Rxb3 Qa8 51. Rd2 Rc8 52. Qf1 Qa4 53. Rbd3 Bd6 54. Rd4 Qd7 55. Rh4 Be5 56. Rd1 Rc2 57. Qxh3 1-0

[Event "18.Città di Padova Open A"]
[Site "Padova"]
[Date "2015.12.18"]
[Round "7.16"]
[White "Garcia Palermo, Carlos H"]
[Black "Movileanu, Daniela"]
[Result "0-1"]
[WhiteElo "2457"]
[BlackElo "2195"]
[Annotator "Gabriele Ballarin"]
[PlyCount "88"]
[EventDate "2015.12.13"]
[EventType "swiss"]
[EventRounds "9"]
[EventCountry "ITA"]

1. d4 d5 2. c4 dxc4 3. Nf3 Nf6 4. Qa4+ c6 5. Qxc4 Bf5 6. e3 e6 7. Bd3 Bxd3 8. Qxd3 Be7 9. Nc3 O-O 10. O-O Nbd7 11. e4 Re8 12. Rd1 Nf8 13. Be3 Ng6 14. h3 Bf8 15. a3 Qe7 16. Rac1 Red8 17. e5 Nd5 18. Bg5 f6 19. exf6 gxf6 20. Bd2 Ndf4 21. Bxf4 Nxf4 22. Qe4 Bh6 23. Kh2 f5 24. Qe1 Qf6 25. Rc2 Re8 26. g3 Ng6 27. Re2 Re7 28. Rd3 Rd8 29. Na4 b6 30. b4 Rd6 31. Nb2 Bg7 32. Nc4 Rd5 33. Rde3 f4 34. Rd3 c5 35. bxc5 bxc5 36. Nce5 cxd4 37. Nc6 Re8 38. g4 e5 39. Nb4 Rd7 40. Rxd4 Rxd4 41. Nxd4 a5 42. Nd5 Qd8 43. Nb5 Qxd5 44. Nc7 Qc6 0-1

[Event "18.Città di Padova Open A"]
[Site "Padova"]
[Date "2015.12.18"]
[Round "7.17"]
[White "Santeramo, Alessia Carmen"]
[Black "Naumkin, Igor"]
[Result "0-1"]
[WhiteElo "2133"]
[BlackElo "2446"]
[Annotator "Gabriele Ballarin"]
[PlyCount "178"]
[EventDate "2015.12.13"]
[EventType "swiss"]
[EventRounds "9"]
[EventCountry "ITA"]

1. e4 e6 2. d4 d5 3. Nc3 Nf6 4. Bg5 Be7 5. e5 Nfd7 6. h4 a6 7. Qg4 Bxg5 8. hxg5 c5 9. Nf3 cxd4 10. Qxd4 Qb6 11. Qxb6 Nxb6 12. Bd3 Nc6 13. O-O-O Nd7 14. Kb1 b5 15. g6 h6 16. gxf7+ Kxf7 17. Ng5+ Ke7 18. f4 Rf8 19. Nh3 b4 20. Ne2 Nc5 21. g4 a5 22. Bg6 Ba6 23. Ng3 Kd8 24. Rhe1 Kc7 25. f5 Ne7 26. Nf4 Rad8 27. Ngh5 exf5 28. Nxg7 fxg4 29. Nfe6+ Nxe6 30. Nxe6+ Kd7 31. Nxf8+ Rxf8 32. e6+ Kd6 33. Bf7 Rh8 34. Rd4 h5 35. Rh1 g3 36. Rxh5 g2 37. Rg4 Be2 38. Rxg2 Bxh5 39. Rh2 Bxf7 40. Rxh8 Bxe6 41. Rd8+ Bd7 42. Kc1 Nc6 43. Rh8 Bf5 44. c3 Kc5 45. Rf8 Be4 46. Rc8 Kb5 47. Re8 Bg6 48. Rg8 Ne5 49. cxb4 Kxb4 50. Rb8+ Kc5 51. Rc8+ Kd4 52. Kd2 Nc4+ 53. Kc1 Ke3 54. b3 Ne5 55. Ra8 Nd3+ 56. Kd1 Nf2+ 57. Ke1 d4 58. Rxa5 d3 59. Rd5 Ne4 60. Rd7 d2+ 61. Rxd2 Nxd2 62. Kd1 Bb1 63. Kc1 Bxa2 64. Kb2 Bxb3 65. Kc3 Bd5 66. Kc2 Ne4 67. Kb2 Kd2 68. Ka1 Kc3 69. Kb1 Nd2+ 70. Ka1 Nb3+ 71. Ka2 Be4 72. Ka3 Nc1 73. Ka4 Nd3 74. Ka3 Nb4 75. Ka4 Nc2 76. Kb5 Kd4 77. Ka4 Kc4 78. Ka5 Kc5 79. Ka4 Bd5 80. Ka5 Bc6 81. Ka6 Na3 82. Ka5 Nc4+ 83. Ka6 Kd6 84. Ka7 Kc7 85. Ka6 Ba4 86. Ka7 Bb5 87. Ka8 Nb6+ 88. Ka7 Nc8+ 89. Ka8 Bc6# 0-1

[Event "18.Città di Padova Open A"]
[Site "Padova"]
[Date "2015.12.18"]
[Round "7.18"]
[White "Ljubisavljevic, Zivojin Z"]
[Black "Vezzosi, Paolo"]
[Result "0-1"]
[WhiteElo "2183"]
[BlackElo "2369"]
[Annotator "Gabriele Ballarin"]
[PlyCount "104"]
[EventDate "2015.12.13"]
[EventType "swiss"]
[EventRounds "9"]
[EventCountry "ITA"]

1. c4 Nf6 2. Nc3 c5 3. e4 Nc6 4. f4 d6 5. d3 g6 6. Nf3 Bg7 7. Be2 O-O 8. O-O a6 9. Qe1 Nd4 10. Qh4 b5 11. cxb5 axb5 12. Nxd4 cxd4 13. Nxb5 Ba6 14. Na3 Nxe4 15. f5 gxf5 16. Qh5 Nf6 17. Qxf5 Qb6 18. b3 Rfc8 19. Qh3 d5 20. Bh6 Qd6 21. Rf3 Rc6 22. Raf1 Qxa3 23. Rg3 Ne8 24. Bh5 Rg6 25. Bxg6 hxg6 26. Bxg7 Kxg7 27. Qh4 Bc8 28. Qxd4+ Nf6 29. Qe5 Be6 30. Rgf3 Qxa2 31. d4 Qa7 32. b4 Qb8 33. Qxb8 Rxb8 34. Rb3 Ne4 35. Ra1 Nd2 36. Rb2 Nc4 37. Rb3 Rb7 38. h3 Bf5 39. Ra8 Bc2 40. Rc3 Be4 41. Rb3 Nd6 42. Ra5 Nb5 43. Rb2 Nxd4 44. b5 Rb6 45. Kf2 e5 46. g4 Bd3 47. g5 e4 48. Ra7 Nxb5 49. Rd7 Bc4 50. Ke3 Re6 51. Rb1 d4+ 52. Kf4 e3 0-1

[Event "18.Città di Padova Open A"]
[Site "Padova"]
[Date "2015.12.18"]
[Round "7.19"]
[White "Lantini, Marco"]
[Black "Aghayev, Miragha"]
[Result "0-1"]
[WhiteElo "2083"]
[BlackElo "2367"]
[Annotator "Gabriele Ballarin"]
[PlyCount "64"]
[EventDate "2015.12.13"]
[EventType "swiss"]
[EventRounds "9"]
[EventCountry "ITA"]

1. d4 Nf6 2. c4 g6 3. Nc3 d5 4. cxd5 Nxd5 5. e4 Nxc3 6. bxc3 Bg7 7. Qa4+ Nd7 8. Nf3 O-O 9. Bg5 c5 10. Qa3 h6 11. Be3 b6 12. Rd1 cxd4 13. cxd4 Nf6 14. Ne5 Qd6 15. Qd3 Qb4+ 16. Bd2 Qb2 17. Qe3 Ng4 18. Nxg4 Bxg4 19. f3 Bxd4 20. Qb3 Be6 21. Qxb2 Bxb2 22. Bxh6 Rad8 23. Bd3 Bxa2 24. Ke2 Be6 25. Rb1 Bd4 26. Ba6 Be5 27. h4 Rd4 28. Rhc1 Ra4 29. Bd3 Rd8 30. Rc2 Ra3 31. Bb5 a6 32. Bc1 Rb3 0-1

[Event "18.Città di Padova Open A"]
[Site "Padova"]
[Date "2015.12.18"]
[Round "7.20"]
[White "Pescatore, Lorenzo"]
[Black "Redo, Giorgio"]
[Result "1-0"]
[WhiteElo "2243"]
[BlackElo "2055"]
[Annotator "Gabriele Ballarin"]
[PlyCount "79"]
[EventDate "2015.12.13"]
[EventType "swiss"]
[EventRounds "9"]
[EventCountry "ITA"]

1. e4 c5 2. c3 d5 3. exd5 Qxd5 4. d4 Nc6 5. Nf3 Bg4 6. Be2 e6 7. O-O Nf6 8. h3 Bh5 9. Be3 cxd4 10. cxd4 Be7 11. Nc3 Qa5 12. a3 O-O 13. Qb3 Qc7 14. Rac1 Rfd8 15. Rfd1 Rac8 16. Qa4 Qa5 17. Qb3 Qc7 18. d5 exd5 19. Nxd5 Nxd5 20. Rxd5 Bg6 21. Rxd8+ Rxd8 22. Bxa7 Ra8 23. Bb6 Qd7 24. Rd1 Qc8 25. Bc4 Bf6 26. Re1 Na5 27. Bxa5 Rxa5 28. Qxb7 Ra8 29. Qd5 Bxb2 30. Nh4 Qf8 31. Nxg6 hxg6 32. Rb1 Bxa3 33. Rb7 Rd8 34. Qf3 Be7 35. Qe4 Rd1+ 36. Kh2 Bd6+ 37. g3 Qa8 38. Bxf7+ Kf8 39. Bb3 Bxg3+ 40. Kxg3 1-0

[Event "18.Città di Padova Open A"]
[Site "Padova"]
[Date "2015.12.18"]
[Round "7.21"]
[White "Messina, Roberta"]
[Black "Massironi, Marco"]
[Result "0-1"]
[WhiteElo "2039"]
[BlackElo "2242"]
[Annotator "Gabriele Ballarin"]
[PlyCount "80"]
[EventDate "2015.12.13"]
[EventType "swiss"]
[EventRounds "9"]
[EventCountry "ITA"]

1. d4 Nf6 2. c4 g6 3. g3 Bg7 4. Bg2 d5 5. cxd5 Nxd5 6. Nf3 Nb6 7. Nc3 Nc6 8. e3 O-O 9. O-O a5 10. b3 e5 11. dxe5 Nxe5 12. Nxe5 Bxe5 13. Qc2 Qe7 14. Bb2 c6 15. Rad1 Be6 16. Qc1 Rfd8 17. Ba3 Qe8 18. f4 Bg7 19. Ne4 Bg4 20. Nd6 Qe6 21. e4 Bxd1 22. Rxd1 Bf8 23. f5 gxf5 24. Qg5+ Qg6 25. Qf4 Qg4 26. Qf1 Bxd6 27. Rxd6 Rxd6 28. Bxd6 fxe4 29. h3 Qg6 30. Qf4 Re8 31. Bc5 Nd5 32. Qd2 Qxg3 33. Qb2 Nf4 34. Bd6 Nxh3+ 35. Kh1 Qxd6 36. Bxh3 e3 37. Qg2+ Qg6 38. Qe2 Qg3 39. Bf5 Qh4+ 40. Kg2 Qg5+ 0-1

[Event "18.Città di Padova Open A"]
[Site "Padova"]
[Date "2015.12.18"]
[Round "7.22"]
[White "Bergamasco, Tommaso"]
[Black "Varvaglione, Antonio"]
[Result "0-1"]
[WhiteElo "2054"]
[BlackElo "2247"]
[Annotator "Gabriele Ballarin"]
[PlyCount "114"]
[EventDate "2015.12.13"]
[EventType "swiss"]
[EventRounds "9"]
[EventCountry "ITA"]

1. d4 Nf6 2. Bg5 Ne4 3. Bf4 d6 4. e3 g6 5. Bd3 Nf6 6. Nf3 Bg7 7. Nbd2 O-O 8. c3 Nbd7 9. Qc2 Re8 10. O-O-O c5 11. h4 e5 12. dxe5 dxe5 13. Bg3 Qe7 14. Ng5 Nb6 15. Nc4 Nh5 16. Nxb6 axb6 17. Bc4 Rf8 18. Kb1 Bf5 19. e4 Bg4 20. Rd2 h6 21. Nf3 Bxf3 22. gxf3 Rfd8 23. Rhd1 Bf6 24. Qb3 Rxd2 25. Rxd2 Qc7 26. Rd5 Rd8 27. Qa4 Kf8 28. Qa7 Nf4 29. Bxf4 exf4 30. h5 gxh5 31. Rf5 Qd6 32. a3 h4 33. e5 Qd7 34. Rxf6 h3 35. Rxh6 Qf5+ 36. Ka2 Kg7 37. Rf6 Qh5 38. Qxb7 Rf8 39. Qe7 b5 40. Rxf4 h2 41. e6 bxc4 42. Rxf7+ Qxf7 43. exf7 h1=Q 44. Qxc5 Qxf3 45. Qxc4 Qxf7 46. Qxf7+ Kxf7 47. b4 Ke6 48. c4 Rf3 49. Kb2 Kd6 50. a4 Kc7 51. a5 Kc6 52. Kc2 Rxf2+ 53. Kb3 Rf3+ 54. Ka4 Rc3 55. b5+ Kc5 56. a6 Rxc4+ 57. Ka5 Rc1 0-1

[Event "18.Città di Padova Open A"]
[Site "Padova"]
[Date "2015.12.18"]
[Round "7.23"]
[White "Gallo, Enrico"]
[Black "Sorbera, Giovanni"]
[Result "0-1"]
[WhiteElo "2044"]
[BlackElo "2191"]
[Annotator "Gabriele Ballarin"]
[PlyCount "36"]
[EventDate "2015.12.13"]
[EventType "swiss"]
[EventRounds "9"]
[EventCountry "ITA"]

1. e4 e5 2. Nf3 Nc6 3. Bc4 Nf6 4. O-O Nxe4 5. Re1 d5 6. Bb5 Bc5 7. d4 exd4 8. Nbd2 O-O 9. Nxe4 dxe4 10. Rxe4 Qd5 11. Rh4 Bf5 12. Bxc6 bxc6 13. Nxd4 Bg6 14. Be3 Be7 15. c4 Qxc4 16. Rh3 Rad8 17. Qe1 Bb4 18. Rc1 Qxd4 0-1